Greek and Roman Mythology - Statistics

General Stats
  • This quiz has been taken 227 times
  • The average score is 10 of 15
Answer Stats
Question Answer % Correct
In Greek Mythology, who flew too close to the sun? Icarus
93%
What natural phenomenon does the myth about Persephone explain? Seasons
93%
How did Narcissus die? He was in love with himself and looked in a lake until he died
87%
What kind of ears does Apollo give Midas as a punishment? Donkey's Ears
80%
Which god stole Apollo's cattle? Hermes
80%
Who is king of the dolphins? Delphin
73%
Who punishes Echo for lying? Hera
73%
Pax was the Roman Goddess of? Peace
73%
Name a daughter of Zeus and Mnemosyne---the nine Muses of Greek mythology? Thalia
73%
Who was the ancient Greek god of dreams? Morpheus
67%
What legendary fire-breathing female monster had a lion's head, a goat's body and a dragon's tail? Chimera
60%
Why did Daedalus push Perdix off a cliff? Cos he was jealous of him
53%
How many Nereids are there? 50
33%
What did Hephaestus say to convince his wife to marry him? I work late
27%
How did Phaethon die? Zeus killed him with a thunderbolt
27%
No matching quizzes found
Score Distribution
Percent of People with Each Score
Percentile by Number Answered
Your Score History
You have not taken this quiz